000 00395nam a22001697a 4500
003 OSt
005 20260306124612.0
008 260306b |||||||| |||| 00| 0 eng d
040 _cFLL
041 _aENG
_dENG
100 _aSINGH, Y.P
_91123660
245 _aPERSONAL DATA PROTECTION RIGHTS
250 _a6th
260 _aHARYANA
_bLEXIS NEXIS
_c2025
300 _a332
942 _2CC
_cTB
_n0
999 _c1688494
_d1688494